FORESTRY in Sarawak, Malaysia

Bibliographic Details
Corporate Author: Sarawak
Format: Book
Published: Kuching, Sarawak : Forest Department , 1991
Subjects:

MARC

LEADER 00000cam a2200000 7i4500
001 0000001565
005 20040225.0
090 0 0 |a JPSM634.90959522   |b FOR 1991 
245 0 0 |a FORESTRY in Sarawak, Malaysia 
260 0 0 |a Kuching, Sarawak :   |b Forest Department ,   |c 1991 
300 |a 47 p. :   |b col. maps ;   |c 30 cm. 
500 0 0 |a Bibliography : p. 43-44 
650 0 0 |a Forests and forestry   |z Sarawak 
710 1 1 |a Sarawak ,   |c Forestry Department 
998 |a JPSM 
999 |a 0000002959   |b Monograph   |c Open Shelf   |e Default branch 
999 |a 0000003602   |b Monograph   |c Open Shelf   |e Default branch 
999 |a 0000003614   |b Monograph   |c Open Shelf   |e Default branch 
999 |a 0000004604   |b Monograph   |c Open Shelf   |e Default branch